| 000 | 01929cam a2200577 a 4500 | ||
|---|---|---|---|
| 001 | 21754 | ||
| 003 | VRT | ||
| 005 | 20260309133405.0 | ||
| 008 | 240318s2016 xo a b 000 p slo | ||
| 015 | _aSNBA2016/04 | ||
| 020 |
_a9788081541445 _q(viaz.) |
||
| 035 | _aurn:nbn:sk:snk-am00a36t | ||
| 035 | _aurn:nbn:sk:snk-am3h98b | ||
| 035 | _a15683E8D-57F2-45EB-A9AD-2252C39D2AE1 | ||
| 039 | 9 |
_a202403182232 _bVLOAD _c201811301455 _dVLOAD _c201709061307 _dmsavuk34 _c201611211506 _dmtotk19 |
|
| 040 |
_aTTKJF _bslo _cTTKJF _dSNK _eAACR2 |
||
| 041 | 0 | _aslo | |
| 044 |
_axo _cSK |
||
| 072 | 7 |
_a821.162.4-1 _2Slovenská poézia $2 konspekt |
|
| 072 | 7 |
_a821-93 _xLiteratúra pre deti a mládež (beletria) _2konspekt |
|
| 080 |
_a821.162.4-1 _22011 |
||
| 080 |
_a(0.05-053.2:821-93) _22011 |
||
| 080 |
_a82-193.1 _22011 |
||
| 100 | 1 |
_aČápka, Ján, _d1932- _4aut |
|
| 245 | 1 | 0 |
_aNože rýchlo povedz _bilustrované hádanky _cJán Čápka ; [ilustrácie Tatiana Vrtochová] |
| 260 |
_aŽilina _bGeorg _c2016 |
||
| 300 |
_a47 s. _bfareb. ilustr. _c31 cm |
||
| 650 | 0 | 7 |
_ahádanky _2SNKPH |
| 650 | 0 | 7 |
_aRiddles _2SNKPHeng |
| 655 | 7 |
_aslovenská poézia _2SNKPH |
|
| 655 | 7 |
_apublikácie pre deti _2SNKPH |
|
| 655 | 7 |
_aSlovak poetry _2SNKPHeng |
|
| 655 | 7 |
_aChildren's literature _2SNKPHeng |
|
| 700 | 1 |
_aVrtochová, Tatiana, _d1984- _4ill |
|
| 910 | _abjkdg | ||
| 910 | _asllk | ||
| 910 | _apokpoh | ||
| 910 | _ahevk | ||
| 910 | _askpk | ||
| 910 | _asnk | ||
| 910 | _avthk | ||
| 910 | _atotk | ||
| 910 | _asavuk | ||
| 942 |
_2ddc _cKLDE _n0 |
||
| 949 |
_62889329673 _asavukPV 24478 _bsavuk2017/3201 |
||
| 949 |
_6270001000528994 _asvkbbC 60990 _bsvkbbm 760556 |
||
| 949 |
_617A1183886 _asnkSB 89862 _bsnk2016/8112 _o718/16 _s6100:20160504 |
||
| 949 |
_617A1183887 _asnkSB 89862 D1 _bsnk2016/8113 _o718/16 |
||
| 949 |
_6273K0640076 _asvkpoD 4335 _bsvkpo635854 |
||
| 999 |
_c21754 _d21754 |
||